000 00290nam a22001217a 4500
020 _a0-07-010992-3
082 _a540 KLI'C
100 _aKLINE, CHARLES
_967786
245 _aCHEMISTRY AT WORK IN THE NORTHERN STATES
260 _aNEWYORK
_bMCGRAW HILL
_c1991
300 _a79P
942 _cBK
999 _c575495
_d575495